Secure transacions in ATM using IOT bank server (Record no. 138344)

000 -LEADER
fixed length control field 00322nam a2200097Ia 4500
008 - FIXED-LENGTH DATA ELEMENTS--GENERAL INFORMATION
fixed length control field 220120s9999||||xx |||||||||||||| ||und||
100 ## - MAIN ENTRY--PERSONAL NAME
Personal name Impu, preethi, samanvitha and yashika pj
9 (RLIN) 12744
245 #0 - TITLE STATEMENT
Title Secure transacions in ATM using IOT bank server
260 ## - PUBLICATION, DISTRIBUTION, ETC.
Place of publication, distribution, etc. Coorg Institute of Technology
Name of publisher, distributor, etc. Ponnampet
650 ## - SUBJECT ADDED ENTRY--TOPICAL TERM
Topical term or geographic name entry element MECHANICAL
Holdings
Withdrawn status Lost status Damaged status Not for loan Home library Current library Date acquired Full call number Barcode Date last seen Price effective from Koha item type
        Central Library Central Library 01/20/2022 621.381 IMP PR735 01/20/2022 01/20/2022 Project Reports

Powered by Koha